ნორმალური ფორმატი
MARC ფორმატი
ჩანაწერი Personal Name
ჩანაწერთა რაოდენობა, რომელიც გამოყენებულია: 1
001 - CONTROL NUMBER
- control field: 12030
003 - CONTROL NUMBER IDENTIFIER
- control field: GE_BSU
005 - DATE AND TIME OF LATEST TRANSACTION
- control field: 20210611165522.0
008 - FIXED-LENGTH DATA ELEMENTS
- fixed length control field: 210611|| aca||aabn | a|a d
040 ## - CATALOGING SOURCE
- Original cataloging agency: GE_BSU
- Transcribing agency: GE_BSU
100 ## - HEADING--PERSONAL NAME
- Personal name: ნიავაძე, ნინო
- Relator term: რედაქტორი
670 ## - SOURCE DATA FOUND
- Source citation: Work cat.: (GE_BSU)53843: პეპენაშვილი, ნინო 12029, საქართველოს სამოქალაქო კოდექსის კომენტარი : წიგნი პირველი = COMMENTARY TO THE CIVIL CODE OF GEORGIA : Volume I
